Demokrasi şehitleri (Record no. 4011)

MARC details
000 -BAŞLIK
Sabit Uzunlukta Kontrol Alanı 00663na a2200241 4500
001 - KONTROL NUMARASI
Denetim Alanı 16011
003 - KONTROL NUMARASI IDENTIFIER
Denetim Alanı MIRAKIL
005 - SON İŞLEM TARİHİ VE ZAMANI
Denetim Alanı 20181213154950.0
008 - SABİT-BOY VERİ ELEMANLARI - GENEL BİLGİLER
Sabit Uzunlukta Kontrol Alanı 161001b tu 000 0
020 ## - ULUSLARARASI STANDART KİTAP NUMARASI
Uluslararası Standart Kitap Numarası 9786051250038
035 ## - SİSTEM KONTROL NUMARASI
Sistem Kontrol Numarası 16011
040 ## - KATALOGLAMA KAYNAK
Orijinal Kataloglama Ajansı Milas
Kataloglama Dili tur
Metne Dönüştürmek Ajansı TR-AnCHP
082 ## - DEWEY ONLU SINIFLANDIRMA NUMARASI
Sınıflandırma Numarası 811.42
Ürün Numarası İ74d 2010
090 ## - SINIFLAMA NUMARASI
Sınıflama Numarası 811.42 İ74d 2010
100 ## - ANA GİRİŞ - KİŞİSEL İSİM
Kişisel Ad İşlek, Ejder
245 ## - BAŞLIK TABLOSU
Başlık Demokrasi şehitleri
Sorumluluk Tablosu, Vb Ejder İşlek
260 ## - YAYIN, DAĞITIM, VB
Yayın, Dağıtım, Vb Yeri Kahramanmaraş
Yayıncı, Dağıtıcı, Vs Adı [yayl. y.]
Yayın, Dağıtım, Vb Tarihi 2010
Üretici Firma Can ofset
300 ## - FİZİKSEL TANIM
Kapsam 96 s.
Diğer Fiziksel Ayrıntıları resim var.
Boyutlar 19 sm.
500 ## - GENEL NOT
Genel Not Yapıt yazarından imzalıdır.
650 ## - KONU KATMA GİRİŞ - TOPİKAL DÖNEM
Topikal Süreli Veya Coğrafi Ad Giriş Elemanı Türkçe şiir
650 ## - KONU KATMA GİRİŞ - TOPİKAL DÖNEM
Topikal Süreli Veya Coğrafi Ad Giriş Elemanı Türk edebiyatı
Genel Alt Bölümü Şiirler
942 ## - EKLENDİ GİRİŞ ELEMANLARI (KOHA)
Sınıflandırma Veya Raf Düzeni Kaynak Dewey Decimal Classification
Koha Öğesi Türü Books
999 ## - SİSTEM KONTROL NUMARALARI (KOHA)
Koha Biblionumber 4011
Koha Biblioitemnumber 4011
Holdings
Kalıcı Konum Mevcut Konum Edinme Tarihi Edinim Kaynak Toplam Check-Out'Lar Tam Çağrı Numarası Barkod Tarih Son Görülme İtibaren Geçerli Fiyatlar Koha Öğesi Türü
CHP Kütüphanesi CHP Kütüphanesi 09/28/2016 Bağış   811.42 İ74d 2010 004292 09/28/2016 09/28/2016 Books